| 000 | 00809nam a2200229Ia 4500 | ||
|---|---|---|---|
| 003 | GCL | ||
| 008 | 140319s9999 xx 000 0 ara d | ||
| 040 |
_aGCL / _cGCL |
||
| 082 | 0 | 4 |
_a290 _bا د |
| 100 | 1 | _aابكار السقاف | |
| 245 | 1 | 0 |
_aالدين فى الهند والصين وايران / _cابكار السقاف |
| 250 | _aالاولى | ||
| 260 |
_aبيروت : _bمؤسسة الانتشار العربى ، _c2004 |
||
| 300 |
_a210 ص ؛ _c24 سم |
||
| 490 |
_aنحو افاق اوسع - المراحل التطورية للانسان _v2 |
||
| 650 | 0 | 4 | _aالديانات المقارنة |
| 650 | 0 | 4 | _aالديانات |
| 650 | 0 | 4 | _aالديانات الهندية |
| 650 | 0 | 4 | _aالديانات القديمة |
| 650 | 0 | 4 | _aالديانات الايرانية |
| 942 |
_2ddc _cBK |
||
| 999 |
_c8069 _d8069 |
||